[Event "EU-chT Seniors"]
[Site "Sibenik"]
[Date "2014.04.08"]
[Round "8.7"]
[White "Petersson, Gosta"]
[Black "Wahlbom, Magnus"]
[Result "1/2-1/2"]
[WhiteElo "2158"]
[BlackElo "2291"]
[PlyCount "57"]
[EventDate "2014.04.01"]
[EventType "team-swiss"]
[EventRounds "9"]
[EventCountry "CRO"]
[SourceTitle "CBM 159 Extra"]
[Source "ChessBase"]
[SourceDate "2014.04.24"]
[SourceVersion "1"]
[SourceVersionDate "2014.04.24"]
[SourceQuality "1"]
[WhiteTeam "Sweden Seniors II"]
[BlackTeam "Sweden Seniors"]
[WhiteTeamCountry "SWE"]
[BlackTeamCountry "SWE"]

1. c4 Nf6 2. Nc3 d5 3. cxd5 Nxd5 4. d4 g6 5. Nf3 Bg7 6. e3 0-0 7. Be2 c5 8. 0-0 Nc6 9. Qb3 Nxc3 10. bxc3 Qc7 11. Ba3 b6 12. dxc5 Be6 13. cxb6 axb6 14. Qb2 Qa7 15. Bb4 Nxb4 16. Qxb4 Qa3 17. Qxa3 Rxa3 18. Nd4 Rxa2 19. Nxe6 Rxa1 20. Rxa1 fxe6 21. Rb1 Rb8 22. c4 Be5 23. Rb5 Bd6 24. g3 Bc5 25. Kg2 Ra8 26. Rb2 Kf7 27. h4 Ra1 28. h5 Rc1 29. hxg6+ 1/2-1/2

[Event "EU-chT Seniors"]
[Site "Sibenik"]
[Date "2014.04.04"]
[Round "4.7"]
[White "Petersson, Gosta"]
[Black "Van Kemenade, Rudy"]
[Result "1/2-1/2"]
[WhiteElo "2158"]
[BlackElo "2001"]
[PlyCount "110"]
[EventDate "2014.04.01"]
[EventType "team-swiss"]
[EventRounds "9"]
[EventCountry "CRO"]
[SourceTitle "CBM 159 Extra"]
[Source "ChessBase"]
[SourceDate "2014.04.24"]
[SourceVersion "1"]
[SourceVersionDate "2014.04.24"]
[SourceQuality "1"]
[WhiteTeam "Sweden Seniors II"]
[BlackTeam "Wales Dragons Seniors"]
[WhiteTeamCountry "SWE"]
[BlackTeamCountry "WLS"]

1. c4 g6 2. Nc3 Bg7 3. g3 d6 4. Bg2 Nc6 5. e4 e5 6. d3 Nd4 7. Nf3 Bg4 8. h3 Bxf3 9. Bxf3 Nxf3+ 10. Qxf3 Qf6 11. Qg2 c6 12. 0-0 Bh6 13. Be3 Bxe3 14. fxe3 Qg7 15. Rf3 Ne7 16. g4 0-0 17. Raf1 Rad8 18. g5 h5 19. Rf6 Rd7 20. d4 Kh8 21. Qd2 Ng8 22. dxe5 Nxf6 23. Rxf6 Re8 24. exd6 Re6 25. Qd4 Rdxd6 26. Rxf7 Rxd4 27. Rxg7 Rd1+ 28. Nxd1 Kxg7 29. Nc3 Rd6 30. Kf2 Rd2+ 31. Kf3 Rxb2 32. e5 Rc2 33. Ne4 Rxc4 34. Nd6 Rb4 35. e4 Kf8 36. e6 Ke7 37. Nf7 Kxe6 38. Nh8 Ra4 39. Nxg6 Rxa2 40. Nf4+ Ke5 41. Nxh5 Ra3+ 42. Kg4 Re3 43. Ng3 a5 44. h4 Rd3 45. h5 a4 46. h6 a3 47. h7 Rd8 48. Nh5 a2 49. g6 a1Q 50. g7 Qd1+ 51. Kh4 Qe1+ 52. Ng3 Qf2 53. g8Q Qf4+ 54. Kh5 Qf3+ 55. Kh4 Qf4+ 1/2-1/2

[Event "Nordic-ch Seniors"]
[Site "Bornholm"]
[Date "2013.09.14"]
[Round "7"]
[White "Petersson, Gosta"]
[Black "Hvenekilde, Jorgen"]
[Result "1/2-1/2"]
[WhiteElo "2167"]
[BlackElo "2120"]
[PlyCount "32"]
[EventDate "2013.09.07"]
[EventType "swiss"]
[EventRounds "9"]
[EventCountry "DEN"]
[SourceTitle "CBM 156 Extra"]
[Source "ChessBase"]
[SourceDate "2013.10.22"]
[SourceVersion "1"]
[SourceVersionDate "2013.10.22"]
[SourceQuality "1"]

1. c4 g6 2. Nc3 Bg7 3. g3 d6 4. Bg2 Nc6 5. a3 a6 6. Rb1 Bf5 7. e4 Bd7 8. Nge2 Qc8 9. Nd5 e6 10. Ne3 e5 11. b4 Bh3 12. Bf3 Nf6 13. d3 0-0 14. Bb2 Re8 15. Rc1 Qd7 16. Ng1 Be6 1/2-1/2

[Event "Nordic-ch Seniors"]
[Site "Bornholm"]
[Date "2013.09.12"]
[Round "6"]
[White "Sorensen, Bent"]
[Black "Petersson, Gosta"]
[Result "1-0"]
[WhiteElo "2257"]
[BlackElo "2167"]
[PlyCount "63"]
[EventDate "2013.09.07"]
[EventType "swiss"]
[EventRounds "9"]
[EventCountry "DEN"]
[SourceTitle "CBM 156 Extra"]
[Source "ChessBase"]
[SourceDate "2013.10.22"]
[SourceVersion "1"]
[SourceVersionDate "2013.10.22"]
[SourceQuality "1"]

1. Nf3 Nf6 2. g3 g6 3. Bg2 Bg7 4. c4 0-0 5. Nc3 d6 6. 0-0 Nc6 7. d3 Nh5 8. Ne1 f5 9. f4 e5 10. Bd2 Kh8 11. Rb1 Ne7 12. e3 c6 13. b4 Be6 14. b5 exf4 15. exf4 d5 16. bxc6 bxc6 17. Qe2 Bg8 18. Nf3 Nf6 19. Rfe1 Re8 20. Ne5 Qc7 21. cxd5 Nexd5 22. Na4 Ng4 23. d4 Qd6 24. h3 Nxf4 25. gxf4 Qxd4+ 26. Kh1 Nf2+ 27. Kh2 Ne4 28. Bxe4 fxe4 29. Rb4 Qd6 30. Rxe4 Red8 31. Bb4 Qf6 32. Be7 1-0

[Event "Nordic-ch Seniors"]
[Site "Bornholm"]
[Date "2013.09.10"]
[Round "4"]
[White "Svensson, Lars Ake"]
[Black "Petersson, Gosta"]
[Result "1/2-1/2"]
[WhiteElo "1977"]
[BlackElo "2167"]
[PlyCount "25"]
[EventDate "2013.09.07"]
[EventType "swiss"]
[EventRounds "9"]
[EventCountry "DEN"]
[SourceTitle "CBM 156 Extra"]
[Source "ChessBase"]
[SourceDate "2013.10.22"]
[SourceVersion "1"]
[SourceVersionDate "2013.10.22"]
[SourceQuality "1"]

1. e4 e6 2. d3 c5 3. Nd2 g6 4. Ngf3 Bg7 5. g3 Nc6 6. Bg2 Nge7 7. 0-0 0-0 8. Re1 d6 9. Nf1 Rb8 10. a4 b6 11. Rb1 Bb7 12. Ne3 Qd7 13. c3 1/2-1/2

[Event "EU-chT Seniors"]
[Site "Rogaska Slatina"]
[Date "2012.04.01"]
[Round "6.5"]
[White "Petersson, Gosta"]
[Black "Norman, Kenneth I"]
[Result "1/2-1/2"]
[WhiteElo "2163"]
[BlackElo "2175"]
[PlyCount "76"]
[EventDate "2012.03.27"]
[EventType "team-swiss"]
[EventRounds "9"]
[EventCountry "SLO"]
[SourceTitle "CBM 147 Extra"]
[Source "ChessBase"]
[SourceDate "2012.04.24"]
[SourceVersion "1"]
[SourceVersionDate "2012.04.24"]
[SourceQuality "1"]
[WhiteTeam "Sweden (Seniors)"]
[BlackTeam "England (Seniors)"]
[WhiteTeamCountry "SWE"]
[BlackTeamCountry "ENG"]

1. c4 c5 2. Nc3 Nc6 3. g3 g6 4. Bg2 Bg7 5. e3 d6 6. Nge2 e5 7. a3 Nge7 8. Rb1 a5 9. Nd5 0-0 10. 0-0 Rb8 11. Nec3 Be6 12. d3 h6 13. Bd2 Kh7 14. f4 f5 15. Qe2 Bg8 16. h3 b6 17. Kh2 Nxd5 18. Nxd5 Ne7 19. Nxe7 Qxe7 20. b4 exf4 21. gxf4 axb4 22. axb4 Kh8 23. Bf3 g5 24. Qg2 gxf4 25. exf4 Bd4 26. b5 Bf7 27. Rbc1 Qf6 28. Bd5 Rg8 29. Qf3 Bxd5 30. cxd5 Ra8 31. Be3 Ra2+ 32. Rf2 Rxf2+ 33. Qxf2 Bxe3 34. Qxe3 Qf7 35. Qf3 Qg7 36. Qf2 Qf7 37. Qf3 Rc8 38. Qg2 Rg8 1/2-1/2

[Event "EU-chT Seniors"]
[Site "Rogaska Slatina"]
[Date "2012.03.30"]
[Round "4.8"]
[White "Nickl, Klaus"]
[Black "Petersson, Gosta"]
[Result "1/2-1/2"]
[WhiteElo "2162"]
[BlackElo "2163"]
[PlyCount "53"]
[EventDate "2012.03.27"]
[EventType "team-swiss"]
[EventRounds "9"]
[EventCountry "SLO"]
[SourceTitle "CBM 147 Extra"]
[Source "ChessBase"]
[SourceDate "2012.04.24"]
[SourceVersion "1"]
[SourceVersionDate "2012.04.24"]
[SourceQuality "1"]
[WhiteTeam "Steiermark (Seniors)"]
[BlackTeam "Sweden (Seniors)"]
[WhiteTeamCountry "AUT"]
[BlackTeamCountry "SWE"]

1. d4 d5 2. Nf3 Nf6 3. e3 e6 4. Bd3 c5 5. c3 Nc6 6. Nbd2 Bd6 7. 0-0 0-0 8. dxc5 Bxc5 9. e4 Qc7 10. Qe2 dxe4 11. Nxe4 Be7 12. Bg5 Nd5 13. Bxe7 Nf4 14. Qe3 Nxe7 15. Bc2 Nf5 16. Qc5 Qxc5 17. Nxc5 b6 18. Nd3 Nxd3 19. Bxd3 Bb7 20. Bxf5 exf5 21. Nd4 g6 22. Rfe1 Rfe8 23. f3 Rxe1+ 24. Rxe1 Kf8 25. Kf2 Bd5 26. a3 Rd8 27. h4 1/2-1/2

[Event "EU-chT Seniors"]
[Site "Thessaloniki"]
[Date "2011.05.09"]
[Round "7"]
[White "Petersson, Gosta"]
[Black "Kratschmer, Heinz"]
[Result "1-0"]
[WhiteElo "2113"]
[BlackElo "2177"]
[PlyCount "179"]
[EventDate "2011.05.03"]
[EventType "team-swiss"]
[EventRounds "9"]
[EventCountry "GRE"]
[SourceTitle "CBM 142 Extra"]
[Source "ChessBase"]
[SourceDate "2011.06.27"]
[SourceVersion "1"]
[SourceVersionDate "2011.06.27"]
[SourceQuality "1"]
[WhiteTeam "Sweden"]
[BlackTeam "Steiermark"]
[WhiteTeamCountry "SWE"]
[BlackTeamCountry "AUT"]

1. g3 Nf6 2. Bg2 e5 3. c4 d5 4. cxd5 Nxd5 5. Nc3 Nb6 6. Nf3 Nc6 7. 0-0 Be7 8. d3 0-0 9. Be3 Re8 10. Rc1 Bf8 11. Na4 Nd4 12. Nc5 c6 13. a4 Nf5 14. Bg5 f6 15. Bd2 Bxc5 16. Rxc5 Be6 17. a5 Nd7 18. Rc1 Rc8 19. Qa4 Nb8 20. b4 Qd7 21. Rfe1 Na6 22. Qa3 Nc7 23. Bc3 Rcd8 24. Nd2 Nb5 25. Qb2 Nxc3 26. Qxc3 a6 27. Ne4 Qd4 28. Nc5 Qxc3 29. Rxc3 Bc8 30. e3 Nd6 31. Bf1 Re7 32. Be2 Nb5 33. Rcc1 Nc7 34. Bd1 Kf8 35. Bc2 Ne6 36. Nb3 Ng5 37. Nd2 Bf5 38. h4 Nf7 39. e4 Be6 40. f3 Nd6 41. Kf2 Red7 42. f4 exf4 43. gxf4 Nb5 44. e5 fxe5 45. Rxe5 Nd4 46. Bb1 Rf7 47. Rce1 Rxf4+ 48. Kg3 Rf6 49. Ne4 Rf3+ 50. Kg2 Bd5 51. Ng5 Rf5+ 52. Kg3 h6 53. Nh3 Rf3+ 54. Kg4 g6 55. Nf4 h5+ 56. Kg5 Rg3+ 57. Kh6 Nf5+ 58. Kh7 Bg8+ 59. Kh8 Nd6 60. Ne6+ Bxe6 61. Rxe6 g5 62. Ba2 Rd7 63. Rg6 Nf7+ 64. Bxf7 gxh4 65. Rxg3 hxg3 66. Bxh5 Rd8 67. Bg6 g2 68. Kh7 Rd7+ 69. Kh6 Re7 70. Rg1 Re2 71. Be4 Rb2 72. Rxg2 Rxb4 73. Re2 Ke7 74. Bxc6+ Kd6 75. Be4 Ra4 76. Rb2 Rxa5 77. Rxb7 Ra3 78. Kg5 a5 79. Kf4 a4 80. Rb5 Ra2 81. Ra5 a3 82. Ke3 Ra1 83. Kd4 Kc7 84. Ra6 Ra2 85. Bd5 Ra1 86. Kc5 Rc1+ 87. Bc4 Ra1 88. d4 Kb7 89. Ra4 Kc7 90. d5 1-0

[Event "EU-chT Seniors"]
[Site "Thessaloniki"]
[Date "2011.05.06"]
[Round "4"]
[White "Petersson, Gosta"]
[Black "Bhend, Edwin"]
[Result "1/2-1/2"]
[WhiteElo "2113"]
[BlackElo "2257"]
[PlyCount "42"]
[EventDate "2011.05.03"]
[EventType "team-swiss"]
[EventRounds "9"]
[EventCountry "GRE"]
[SourceTitle "CBM 142 Extra"]
[Source "ChessBase"]
[SourceDate "2011.06.27"]
[SourceVersion "1"]
[SourceVersionDate "2011.06.27"]
[SourceQuality "1"]
[WhiteTeam "Sweden"]
[BlackTeam "Switzerland"]
[WhiteTeamCountry "SWE"]
[BlackTeamCountry "SUI"]

1. g3 g6 2. Bg2 Bg7 3. c4 d6 4. Nc3 f5 5. e3 Nf6 6. Nge2 0-0 7. 0-0 c6 8. d4 e5 9. b3 Na6 10. Bb2 e4 11. a3 Nc7 12. Nf4 Qe8 13. Nh3 h6 14. f3 d5 15. Nf2 Be6 16. c5 g5 17. b4 Bd7 18. f4 gxf4 19. gxf4 Kh7 20. Kh1 Rg8 21. Bh3 Qf7 1/2-1/2

[Event "EU-chT Seniors"]
[Site "Thessaloniki"]
[Date "2011.05.05"]
[Round "3"]
[White "Rosen, Willy"]
[Black "Petersson, Gosta"]
[Result "1-0"]
[WhiteElo "2285"]
[BlackElo "2113"]
[PlyCount "59"]
[EventDate "2011.05.03"]
[EventType "team-swiss"]
[EventRounds "9"]
[EventCountry "GRE"]
[SourceTitle "CBM 142 Extra"]
[Source "ChessBase"]
[SourceDate "2011.06.27"]
[SourceVersion "1"]
[SourceVersionDate "2011.06.27"]
[SourceQuality "1"]
[WhiteTeam "Katernberg"]
[BlackTeam "Sweden"]
[WhiteTeamCountry "GER"]
[BlackTeamCountry "SWE"]

1. e4 e6 2. d4 d5 3. Nc3 Bb4 4. a3 Bxc3+ 5. bxc3 dxe4 6. Qg4 Nf6 7. Qxg7 Rg8 8. Qh6 Nbd7 9. Bb2 c5 10. a4 Qa5 11. Qd2 a6 12. Ne2 Nb6 13. Ng3 Bd7 14. dxc5 Qxc5 15. c4 e5 16. a5 Na4 17. Ba3 Qc6 18. Be2 0-0-0 19. 0-0 Nc5 20. Rab1 Be6 21. Qe3 Nfd7 22. f4 exf4 23. Rxf4 Qc7 24. Nxe4 Nxe4 25. Rxe4 Nb8 26. Bf3 Nc6 27. Bc5 Qxa5 28. Rxe6 fxe6 29. Qxe6+ Kc7 30. Rxb7+ 1-0

[Event "SWE-chT 0708"]
[Site "Sweden"]
[Date "2008.03.08"]
[Round "10"]
[White "Petersson, Gosta"]
[Black "Engqvist, Thomas"]
[Result "0-1"]
[WhiteElo "2242"]
[BlackElo "2427"]
[PlyCount "74"]
[EventDate "2007.10.19"]
[EventType "team"]
[EventRounds "11"]
[EventCountry "SWE"]
[SourceTitle "EXT 2009"]
[Source "ChessBase"]
[SourceDate "2008.11.26"]
[SourceVersion "1"]
[SourceVersionDate "2008.11.26"]
[SourceQuality "1"]
[WhiteTeam "Astorp"]
[BlackTeam "Stockholm Rockaden"]
[WhiteTeamCountry "SWE"]
[BlackTeamCountry "SWE"]

1. Nf3 Nf6 2. d4 d5 3. Bf4 Bf5 4. Nbd2 e6 5. e3 Bd6 6. Ne5 Nbd7 7. Be2 Bxe5 8. dxe5 Ne4 9. Nxe4 Bxe4 10. 0-0 c6 11. c3 Qc7 12. Bg3 0-0 13. f4 a5 14. Bd3 Qb6 15. Bf2 Bxd3 16. Qxd3 Qxb2 17. e4 Qa3 18. exd5 cxd5 19. Bd4 Nc5 20. Qe3 Rac8 21. g4 Ne4 22. f5 Qb2 23. Rfb1 Qc2 24. f6 Nxc3 25. fxg7 Kxg7 26. Rb2 Qe4 27. Qg5+ Qg6 28. Qf4 Rc4 29. h4 Ne4 30. Rd1 h5 31. Rg2 Kh7 32. Be3 Rg8 33. Kh1 Nc3 34. Rd4 Rxd4 35. Bxd4 Ne4 36. Be3 Rg7 37. Rb2 Qxg4 0-1

[Event "SWE-chT 0607"]
[Site "Sweden"]
[Date "2006.10.21"]
[Round "2"]
[White "Petersson, Gosta"]
[Black "Engman, Rikard"]
[Result "1-0"]
[WhiteElo "2126"]
[BlackElo "2298"]
[PlyCount "91"]
[EventDate "2006.10.20"]
[EventType "team"]
[EventRounds "11"]
[EventCountry "SWE"]
[SourceTitle "EXT 2009"]
[Source "ChessBase"]
[SourceDate "2008.11.26"]
[SourceVersion "1"]
[SourceVersionDate "2008.11.26"]
[SourceQuality "1"]
[WhiteTeam "Astorp"]
[BlackTeam "Umea Rockaden"]
[WhiteTeamCountry "SWE"]
[BlackTeamCountry "SWE"]

1. c4 e5 2. Nc3 Nf6 3. g3 Bb4 4. Bg2 0-0 5. e3 Bxc3 6. bxc3 Re8 7. d4 d6 8. Nf3 e4 9. Nd2 c5 10. 0-0 Nc6 11. h3 Bf5 12. Nb3 b6 13. Kh2 Rc8 14. Qe2 h5 15. a4 a5 16. Rb1 Nb8 17. Na1 g6 18. Nc2 Kg7 19. Na3 Nh7 20. Qb2 Nd7 21. Nb5 Qf6 22. Rd1 Re6 23. Qd2 Ng5 24. h4 Nf3+ 25. Bxf3 exf3 26. e4 Bxe4 27. Qh6+ Kg8 28. Bg5 Qg7 29. d5 Qxh6 30. dxe6 Qf8 31. exd7 Rd8 32. Nxd6 f6 33. Nxe4 fxg5 34. hxg5 Qf5 35. Nf6+ Kf7 36. Rxb6 Qxg5 37. Ne4 Qe5 38. Nd6+ Kg7 39. Ne8+ Kh6 40. Rdd6 Qf5 41. Rf6 Qg5 42. Rf8 Qe5 43. Rg8 Qf5 44. Rf6 Qd3 45. Rd6 Qxc4 46. Rdxg6+ 1-0

[Event "SWE-chT 0405"]
[Site "Sweden"]
[Date "2004.??.??"]
[Round "4"]
[White "Andersson, Goran"]
[Black "Petersson, Gosta"]
[Result "0-1"]
[WhiteElo "2232"]
[BlackElo "2094"]
[PlyCount "58"]
[EventDate "2004.11.05"]
[EventType "team"]
[EventRounds "11"]
[EventCountry "SWE"]
[SourceTitle "EXT 2006"]
[Source "ChessBase"]
[SourceDate "2005.11.24"]
[SourceVersion "1"]
[SourceVersionDate "2005.11.24"]
[SourceQuality "1"]
[WhiteTeam "Skara"]
[BlackTeam "Astorp"]
[WhiteTeamCountry "SWE"]
[BlackTeamCountry "SWE"]

1. Nf3 d5 2. d4 Nf6 3. c4 c6 4. Nc3 dxc4 5. a4 Bf5 6. Nh4 Bc8 7. e3 e6 8. Bxc4 Bb4 9. Qb3 Qe7 10. a5 c5 11. Nf3 Nc6 12. Bb5 0-0 13. Bxc6 bxc6 14. Ne5 cxd4 15. Nxc6 Bxc3+ 16. bxc3 Qc7 17. Nxd4 Ba6 18. f3 Rfe8 19. Bd2 Nd7 20. Kf2 Nc5 21. Qc2 Bd3 22. Qa2 Rab8 23. Rad1 Bc4 24. Qa1 Rb2 25. Kg1 Reb8 26. e4 Ra2 27. Qc1 Nd3 28. Qc2 Rxc2 29. Nxc2 Bb3 0-1